000 00529nam a2200193Ia 4500
005 20250423094627.0
008 250422s9999 xx 000 0 und d
020 _a978-0-273-71464-4
050 _aHF 5549.5 .I6 H58/
100 _aHodgson, Susan
245 0 _aBrilliant answers to tough interview questions : smart answers to whatever they can throw at you
250 _a3rd ed.
260 _aHarlow, England ; New York
260 _bPearson
260 _c2008
300 _a273 p
650 _aEducation
942 _cBK
999 _c27814
_d27814